Les Livres de sagesses des pharaons /

محفوظ في:

مؤلفون آخرون: Laffont, Élisabeth.

التنسيق: كتاب

اللغة: French
Ancient Egyptian

سلاسل: Idées.

الموضوعات:

الوسوم: إضافة وسم

لا توجد وسوم, كن أول من يضع وسما على هذه التسجيلة!

رقم الطلب: PJ1959 .L5 1979

LEADER 00979namaa2200289 4500
001 15663
003 OSt
005 20210518080858.0
008 130303s1979 fr g 000 0 fre d
952 |0 0  |1 0  |2 lcc  |4 0  |6 PJ1959 L5 01979  |7 1  |9 12464  |a ARCE  |b ARCE  |d 2021-05-18  |l 0  |o PJ1959 .L5 1979  |p 1020875  |r 2021-05-18 00:00:00  |w 2021-05-18  |y BK 
999 |c 11677  |d 11677 
010 |a 79114748 
040 |c ARCE Library 
041 1 |a fre  |h egy 
050 0 4 |a PJ1959 .L5 1979 
245 0 4 |a Les Livres de sagesses des pharaons /  |c [textes choisis, traduits de l'égyptien et présentés par] Élisabeth Laffont. 
264 1 |a Paris :  |b Gallimard,  |c 1979. 
300 |a 156 pages ;  |c 18 cm. 
336 |a text  |b txt  |2 rdacontent 
337 |a unmediated  |b n  |2 rdamedia 
338 |a volume  |b nc  |2 rdacarrier 
490 0 |a Idées. 
650 0 |a Didactic literature, Egyptian  |x Translations into French. 
650 0 |a Egyptian language. 
700 1 |a Laffont, Élisabeth. 
901 |a reviewed 
942 |c BK  |2 lcc